LEADER 02804nam 2200481 450 001 996418442003316 005 20210211220930.0 010 $a3-030-36308-2 024 7 $a10.1007/978-3-030-36308-6 035 $a(CKB)4100000011457807 035 $a(DE-He213)978-3-030-36308-6 035 $a(MiAaPQ)EBC6348985 035 $a(PPN)258876468 035 $a(EXLCZ)994100000011457807 100 $a20210211d2020 uy 0 101 0 $aeng 135 $aurnn|008mamaa 181 $ctxt$2rdacontent 182 $cc$2rdamedia 183 $acr$2rdacarrier 200 00$aHandbook of small satellites $etechnology, design, manufacture, applications, economics and regulation /$fJoseph N. Pelton; Scott Madry 205 $a1st ed. 2020. 210 1$aCham, Switzerland :$cSpringer,$d[2020] 210 4$d©2020 215 $a1 online resource (476 illus., 441 illus. in color. eReference.) 311 $a3-030-36307-4 330 $aIn the past decade, the field of small satellites has expanded the space industry in a powerful way. Hundreds, indeed thousands, of these innovative and highly cost-efficient satellites are now being launched from Earth to establish low-cost space systems. These smallsats are engaged in experiments and prototype testing, communications services, data relay, internet access, remote sensing, defense and security related services, and more. Some of these systems are quite small and are simple student experiments, while others in commercial constellations are employing state-of-the-art technologies to deliver fast and accurate services. This handbook provides a comprehensive overview of this exciting new field. It covers the technology, applications and services, design and manufacture, launch arrangements, ground systems, and economic and regulatory arrangements surrounding small satellites. The diversity of approach in recent years has allowed for rapid innovation and economic breakthroughs to proceed at a pace that seems only to be speeding up. In this reference work, readers will find information pertaining to all aspects of the small satellite industry, written by a host of international experts in the field. 606 $aArtificial satellites$xLaw and legislation$vHandbooks, manuals, etc 606 $aArtificial satellites$xDesign$vHandbooks, manuals, etc 606 $aArtificial satellites$vHandbooks, manuals, etc 615 0$aArtificial satellites$xLaw and legislation 615 0$aArtificial satellites$xDesign 615 0$aArtificial satellites 676 $a629.46 702 $aPelton$b Joseph N. 702 $aMadry$b Scott 801 0$bMiAaPQ 801 1$bMiAaPQ 801 2$bMiAaPQ 906 $aBOOK 912 $a996418442003316 996 $aHandbook of small satellites$91983067 997 $aUNISA LEADER 03707 am 2200589 n 450 001 9910324037103321 005 20190308 010 $a2-8028-0424-3 024 7 $a10.4000/books.pusl.17268 035 $a(CKB)4100000008283892 035 $a(FrMaCLE)OB-pusl-17268 035 $a(oapen)https://directory.doabooks.org/handle/20.500.12854/46525 035 $a(PPN)236710931 035 $a(EXLCZ)994100000008283892 100 $a20190528j|||||||| ||| 0 101 0 $afre 135 $auu||||||m|||| 181 $ctxt$2rdacontent 182 $cc$2rdamedia 183 $acr$2rdacarrier 200 10$aEntre ville et nature, les sites semi-naturels /$fFrançois Ost, Jean Remy, Luc Van Campenhoudt 210 $aBruxelles $cPresses de l?Université Saint-Louis$d2019 215 $a1 online resource (299 p.) 311 $a2-8028-0090-6 330 $aOn connaissait déjà, de longue date, les parcs et les espaces verts : soigneusement aménagés et jalousement gardés, ils rompent la monotonie de l'espace bâti en y introduisant une image de nature « civilisée ». En revanche, on redécouvre seulement aujourd'hui, à la lisière de nos cités, les sites semi-naturels, qui, parce qu'ils ont été le plus souvent laissés à l'abandon, nous livrent quelque chose de la nature « naturelle ». Les biologistes ont mis en lumière la richesse de leur écosystème, la variété de leur faune et de leur flore. C'est cependant à une autre forme de « défense et d'illustration » que s'attache cet ouvrage. Au-delà de leur diversité biologique, il restait en effet à faire apparaître leur valeur sociale : une analyse sociologique approfondie s'y emploie qui met en lumière les multiples images que s'en font les habitants de la ville, ainsi que les divers usages qui s'y développent. Ressources biologiques uniques en milieu urbain, et enjeux d'usages tantôt complémentaires, tantôt opposés, les sites semi-naturels appellent une gestion démocratique et un traitement juridique protecteur. C'est à l'étude des virtualités des instruments juridiques disponibles que s'attache la seconde partie de l'ouvrage. Un cadre est ainsi dressé en vue d'assurer une protection réelle de ces espaces-lisières qui occupent d'ores et déjà une place de choix dans le patrimoine commun des citadins. Six sites bruxellois ont été choisis en raison de leur valeur illustrative : le Kauwberg, le Scheutbos, le Moeraske, le Neerpede, le Kattebroeck, ainsi que le plateau de la Foresterie. Ces deux études ont été menées à l'initiative du fonds de l'environnement de la fondation Roi Baudouin. 606 $aNatural areas$zBelgium 606 $aOpen spaces$zBelgium 610 $aécosystème 610 $aville 610 $aespace vert 610 $adiversité biologiste 610 $asite semi-naturel 615 0$aNatural areas 615 0$aOpen spaces 676 $a333.78/09493/32 700 $aGosseries$b Axel$0870859 701 $aOst$b François$0406728 701 $aRemy$b Jean$0342946 701 $aSadeleer$b Nicolas de$0500086 701 $aSambon$b Jacques$01233292 701 $aSchaut$b Christine$01282761 701 $aVan Campenhoudt$b Luc$01282762 701 $aOst$b François$0406728 701 $aRemy$b Jean$0342946 701 $aVan Campenhoudt$b Luc$0680735 712 02$aFaculte?s universitaires Saint-Louis.$bCentre d'e?tudes sociologiques. 712 02$aFaculte?s universitaires Saint-Louis.$bCentre d'e?tude du droit de l'environnement. 801 0$bFR-FrMaCLE 906 $aBOOK 912 $a9910324037103321 996 $aEntre ville et nature, les sites semi-naturels$93028781 997 $aUNINA